Komentár k novému zákonu o dani z príjmov
Komentár k I. časti zákona o dani z príjmov č. 595/2003 Z.z. Predmet úpravy. Základné pojmy.
Salvato in:
| Autore principale: | |
|---|---|
| Natura: | Capitolo di libro |
| Lingua: | slovacco |
| Soggetti: | |
| Tags: |
Nessun Tag, puoi essere il primo ad aggiungerne!!
|
MARC
| LEADER | 00000naa$a2200000$$$4500 | ||
|---|---|---|---|
| 001 | 0012065 | ||
| 005 | 20231106070129.1 | ||
| 041 | 0 | |a slo | |
| 044 | |a SK | ||
| 245 | 1 | 0 | |a Komentár k novému zákonu o dani z príjmov |c aut. Mária Bieliková ... [et al.] |
| 520 | |a Komentár k I. časti zákona o dani z príjmov č. 595/2003 Z.z. Predmet úpravy. Základné pojmy. | ||
| 610 | 2 | 0 | |a dane z príjmov |
| 610 | 2 | 0 | |a zákony |
| 610 | 2 | 0 | |a komentáre |
| 610 | 2 | 0 | |a Slovensko |
| 610 | 2 | 0 | |a 2003 |
| 100 | 1 | |a Bieliková, Mária | |